00587nam a22001217a 4500008004100000020001800041050002100059100002700080245026400107260004400371300001800415650003200433171106b2014 mx a|||| |||| 00| 0 spa d a9786076101735 aKGF2655.3 bL39  aLázaro Ruiz, Eliseo. aEl perito en el sistema penal acusatorio :b aspectos técnicos, científicos, metodológicos sobre la intervención del perito en el sistema penal acusatorio, el interrogatorio y contrainterrogatorio del perito en la etapa de juiciocázaro Ruiz, Eliseo aMéxico b : Editorial Floresc, 2014  a459 páginas 0aPRUEBA PERICIAL -- MÉXICO